Johnny Drama Resume Quiz Stats

 Plays Quiz not verified by Sporcle

Score 0/29 Timer 08:00
0 Plays Today
Year of Show/Movie Name of Show/Movie % Correct
1997Viking Quest
92%
2006-2009Five Towns
64%
2005Queens Boulevard
56%
1993Melrose Place
50%
1994Full House
48%
1991Beverly Hills 90210
44%
2007Medellin
44%
2010Johnny Bananas
44%
1993NYPD Blue
36%
2004Head On
28%
20017th Heaven
24%
1989Different World
20%
1997 Pacific Blue
20%
1991Point Break
18%
1988License to Drive
16%
Year of Show/Movie Name of Show/Movie % Correct
2007Rush Hour 3
14%
1988227
6%
1995My So-Called Life
6%
1987Barfly
4%
1990Cop Rock
4%
1994The Commish
4%
1996Beautiful Girls
4%
1998Star Trek Voyager
4%
2002Barbershop
4%
1989Booker
2%
1991L.A. Law
2%
1999Nash Bridges
2%
2004Law & Order: SVU
2%
2004Crossing Jordan
2%

You're not logged in!

Compare scores with friends on all Sporcle quizzes.
OR
Log In

Show Comments

Extras

Created Oct 25, 2010SourceReportNominate
Tags:drama, johnny, resume

Top Quizzes Today


Score Distribution

Your Account Isn't Verified!

In order to create a playlist on Sporcle, you need to verify the email address you used during registration. Go to your Sporcle Settings to finish the process.

Report this User

Report this user for behavior that violates our Community Guidelines.

Details: